| 000 | 00513nam a2200157Ia 4500 | ||
|---|---|---|---|
| 008 | 150610s9999 xx 000 0 und d | ||
| 020 | _a9780393338096 (pbk.) | ||
| 050 |
_aHQ756 _b.L479 2009 |
||
| 100 | _aLewis, Michael | ||
| 245 |
_aHome game: _ban accidental guide to fatherhood / _cMichael Lewis; photographs by Tabitha Soren. |
||
| 250 | _a1st ed. | ||
| 260 |
_aNew York : _bW.W Norton & Company Ltd., _c2009. |
||
| 300 |
_a190pages ; _c21 cm. |
||
| 520 | _aBiography. | ||
| 650 |
_aFatherhood _xUnited States. |
||
| 999 |
_c288024 _d288024 |
||